[Event "Barcelona Sant Marti op-B 4th"]
[Site "Barcelona"]
[Date "2015.02.12"]
[Round "5"]
[White "Olleta Tanya, Jordi"]
[Black "Pico Garcia, Antoni"]
[Result "0-1"]
[WhiteElo "1761"]
[BlackElo "1809"]
[PlyCount "21"]
[EventDate "2015.01.15"]
[EventType "swiss"]
[EventRounds "9"]
[EventCountry "ESP"]
[SourceTitle "EXT 2016"]
[Source "ChessBase"]
[SourceDate "2015.10.08"]
[SourceVersion "1"]
[SourceVersionDate "2015.10.08"]
[SourceQuality "1"]

1. Nf3 c5 2. b3 Nc6 3. Bb2 Nf6 4. c4 d6 5. Nc3 Bf5 6. g3 e5 7. e3 Be7 8. d4 e4 9. Nh4 Bg4 10. Ne2 Nb4 11. Qc2 0-1

[Event "Barcelona Sant Marti op-B 16th"]
[Site "Barcelona"]
[Date "2014.07.15"]
[Round "3"]
[White "Pico Garcia, Antoni"]
[Black "Jimenez Rimblas, Raul"]
[Result "1-0"]
[WhiteElo "1792"]
[BlackElo "1706"]
[PlyCount "59"]
[EventDate "2014.07.13"]
[EventType "swiss"]
[EventRounds "9"]
[EventCountry "ESP"]
[SourceTitle "CBM 161 Extra"]
[Source "ChessBase"]
[SourceDate "2014.08.29"]
[SourceVersion "1"]
[SourceVersionDate "2014.08.29"]
[SourceQuality "1"]

1. e4 e5 2. Nf3 Nc6 3. Bc4 Bc5 4. b4 Bxb4 5. c3 Ba5 6. d4 exd4 7. 0-0 dxc3 8. Qb3 Nf6 9. Bxf7+ Kf8 10. Ba3+ d6 11. e5 Ne4 12. e6 Qf6 13. Qc2 Bxe6 14. Bxe6 Qxe6 15. Re1 Kg8 16. Rxe4 Qg6 17. Qb3+ Qf7 18. Qc2 Re8 19. Rxe8+ Qxe8 20. Nxc3 Bxc3 21. Qxc3 h6 22. Bb2 Ne5 23. Nxe5 Qxe5 24. Qb3+ Kh7 25. Bxe5 dxe5 26. Qxb7 Rd8 27. Qe4+ Kh8 28. Qxe5 c6 29. Rb1 a6 30. Rb8 1-0

[Event "Igualada and Anoia op 9th"]
[Site "Igualada"]
[Date "2014.02.01"]
[Round "3"]
[White "Pico Garcia, Antoni"]
[Black "Farell Duran, Josep"]
[Result "0-1"]
[WhiteElo "1514"]
[BlackElo "1517"]
[PlyCount "124"]
[EventDate "2014.01.11"]
[EventType "swiss"]
[EventRounds "8"]
[EventCountry "ESP"]
[SourceTitle "EXT 2024"]
[Source "ChessBase"]
[SourceDate "2023.10.10"]
[SourceVersion "1"]
[SourceVersionDate "2023.10.10"]
[SourceQuality "1"]

1. e4 g6 2. d4 Bg7 3. Nc3 d6 4. Be3 a6 5. f4 Nf6 6. h3 0-0 7. Nf3 b5 8. Bd3 Bb7 9. Qd2 Nbd7 10. e5 Nd5 11. Nxd5 Bxd5 12. f5 dxe5 13. dxe5 Nxe5 14. Nxe5 Bxe5 15. fxg6 fxg6 16. 0-0-0 Qd6 17. Rhf1 Qc6 18. Bh6 Bg7 19. Rde1 Rxf1 20. Rxf1 Bf6 21. Re1 Bxa2 22. Be4 Qe8 23. Bxa8 Qxa8 24. Bg5 Qc6 25. Bxf6 Qxf6 26. Qd8+ Kf7 27. Qd3 Bc4 28. Qf3 Qxf3 29. gxf3 Bd5 30. Kd2 Kf6 31. Kc3 c5 32. b4 cxb4+ 33. Kxb4 e5 34. Kc5 Bc4 35. Kd6 a5 36. Rxe5 a4 37. Re1 a3 38. Kc5 a2 39. c3 h6 40. Kb4 Kf5 41. Ka3 g5 42. Ra1 Kf4 43. Rxa2 Bxa2 44. Kxa2 Kxf3 45. Kb3 g4 46. hxg4 Kxg4 47. Kb4 h5 48. Kxb5 h4 49. c4 h3 50. c5 h2 51. c6 h1Q 52. c7 Qb7+ 53. Kc5 Qxc7+ 54. Kd4 Kf4 55. Kd5 Qe5+ 56. Kc4 Ke3 57. Kb4 Qc7 58. Kb3 Kd4 59. Kb2 Qc3+ 60. Ka2 Qb4 61. Ka1 Kc3 62. Ka2 Qb2# 0-1